[Event "21st Alekhine Master 2017"]
[Site "Voronezh"]
[Date "2017.06.15"]
[Round "4"]
[White "Domogaev, Sergey"]
[Black "Volkov, Sergey"]
[Result "0-1"]
[WhiteElo "2411"]
[BlackElo "2615"]
[Annotator "TA"]
[PlyCount "78"]
[EventDate "2017.??.??"]
[EventType "swiss"]
[EventCountry "RUS"]
[SourceTitle "playchess.com"]
[Source "ChessBase"]
[SourceQuality "1"]

{[%evp 12,78,25,27,51,48,64,33,41,31,39,21,27,-10,-10,-10,-10,-10,-4,-10,-10,-10,-10,-18,-17,-15,-15,-13,-6,-27,-18,-20,-26,-46,-41,-51,-37,-50,-48,-49,-39,-54,-47,-64,-57,-59,-49,-60,-39,-46,-50,-84,-82,-121,-125,-164,-148,-247,-250,-264,-252,-265,-241,-279,-269,-304,-295,-249,-239]} 1. d4 d5 2. c4 c6 3. e3 Nf6 4. Nc3 a6 5. Qc2 g6 6. Bd3 Bg7 7. Nf3 Bg4 {D10: Slav Defence: 3 cxd5 (without early Nf3) and 3 Nc3} 8. Ne5 Be6 9. O-O dxc4 {White is slightly better.} 10. Nxc4 O-O 11. Bd2 Nbd7 12. Ne4 $146 ({Predecessor:} 12. b4 Bxc4 13. Bxc4 e5 14. dxe5 Nxe5 15. Be2 Nd5 16. Na4 Qe7 17. Rab1 {½-½ (17) Shimanov,A (2549)-Solak,D (2629) Stockholm 2012}) 12... Nxe4 13. Bxe4 Bxc4 14. Qxc4 e5 15. Bc3 exd4 16. Bxd4 Bxd4 17. Qxd4 Nf6 {[#] Strongly threatening ...Qxd4.} 18. Qa4 Nxe4 (18... b5 $5 19. Qc2 $8 Nxe4 20. Qxe4 Qf6 $11) 19. Qxe4 Qd2 20. Rab1 Rfd8 21. h3 Rd5 22. Qe7 Rd7 23. Qf6 Re8 24. a3 Re6 25. Qf4 Kg7 26. Qa4 Red6 27. Rfc1 Qe2 28. Re1 Qh5 29. Qf4 Rf6 30. Qg4 Rd2 $36 {[%mdl 2048] [#] ...Qxg4 is the strong threat. Black has some pressure.} 31. Rf1 Qb5 32. b3 Qc5 33. Ra1 Qc2 {[%cal Rd2f2]} 34. Qc4 (34. b4 $17) 34... Rdxf2 $19 35. Qxc2 Rxc2 36. b4 Re2 37. Rad1 Rxe3 38. Rxf6 Kxf6 39. Rd7 Re7 {Precision: White = 25%, Black = 76%.} 0-1

[Event "21st Alekhine Master 2017"]
[Site "Voronezh"]
[Date "2017.06.15"]
[Round "4"]
[White "Sadovsky, Artem"]
[Black "Rychagov, Andrey"]
[Result "0-1"]
[WhiteElo "2407"]
[BlackElo "2556"]
[Annotator "TA"]
[PlyCount "94"]
[EventDate "2017.??.??"]
[EventType "swiss"]
[EventCountry "RUS"]
[SourceTitle "playchess.com"]
[Source "ChessBase"]
[SourceQuality "1"]

{[%evp 16,94,11,0,10,-8,-11,-8,0,1,0,-8,24,18,14,0,0,0,12,-22,-24,-85,-15,-83,-80,-77,-83,-76,-83,-67,-69,-73,-71,-81,-81,-81,-81,-82,-70,-96,-110,-125,-125,-118,-116,-152,-124,-129,-121,-143,-145,-158,-131,-161,-141,-264,-192,-368,-350,-456,-434,-456,-457,-454,-266,-449,-401,-768,-752,-662,-597,-594,-511,-1132,-1115,-1015,-938,-1184,-1140,-1137,-1096]} 1. c4 e6 2. g3 d5 3. Bg2 Nf6 4. Nf3 Be7 5. O-O O-O 6. d4 c6 7. Nc3 b6 8. Ne5 Ba6 9. Qa4 Qe8 {E15: Queen's Indian: 4 g3 sidelines, 4 g3 Ba6 and 4 g3 Bb7 early deviations} 10. Qc2 (10. b3 b5 11. Qa5 Bd8 12. Qa3 Be7 13. c5 Bb7 14. Qb2 a5 15. Nd3 b4 16. Na4 Nbd7 17. a3 {½-½ (57) Aronian,L (2802)-Carlsen,M (2826) Moscow 2011}) 10... Nfd7 $146 ({Predecessor:} 10... Bxc4 11. Nxc4 dxc4 12. a4 Nd5 13. e4 Nc7 14. Qe2 b5 15. e5 a6 16. axb5 axb5 17. Rxa8 Nxa8 18. Nxb5 cxb5 19. Bxa8 {1-0 (37) Karas,M (2170)-Hros,R (2111) Slovakia 2015}) 11. Nxd7 Qxd7 {The position is equal.} 12. cxd5 cxd5 13. Rd1 Nc6 14. e4 dxe4 15. d5 Nb4 16. Qxe4 {Threatens to win with d6.} Rad8 17. d6 (17. Bg5 $5 Bxg5 18. Qxb4 $11) 17... Bxd6 18. Bf4 {[#]} (18. a3 $11 Nd5 19. Nxd5 exd5 20. Qxd5) 18... Bd3 (18... Nd3 $1 $17 {[%mdl 512] And now ...Bxf4 would win.} 19. Bxd6 (19. Rxd3 Bxd3) 19... Qxd6) 19. Rxd3 (19. Qd4 $11 {remains equal.}) 19... Nxd3 $17 20. Qxd3 {Black must now prevent Rd1.} Bxf4 21. Qxd7 Rxd7 22. gxf4 Rd2 23. Rb1 Rfd8 {[%mdl 1024] Black has strong compensation.} 24. Kf1 R2d4 25. f5 exf5 26. Re1 Rd2 27. Re2 g5 28. Ke1 Rxe2+ 29. Kxe2 f4 30. Nb5 Rd7 31. Bc6 Re7+ 32. Kf3 Kg7 33. a4 Kf6 34. b4 Ke5 35. Nc3 (35. Kg4 $17 {was worth a try.}) 35... h5 36. Nd5 $2 (36. Kg2) 36... g4+ 37. Kg2 Re6 38. Bb7 Rd6 39. Ne7 Kf6 (39... h4 $142 40. Kf1 Rd7 41. Nc6+ Kf6) 40. Nc6 $2 (40. Nd5+ {was forced.} Ke5 41. Ne7) 40... Kg5 {( -> ...f3+)} 41. Kf1 (41. f3 $142 Rd2+ 42. Kh1) 41... f3 $19 {[%cal Rd6d1] Black is clearly winning.} 42. Ke1 Re6+ 43. Kf1 Re2 44. b5 (44. Nd4 $142 Rb2 45. Nxf3+ gxf3 46. Bxf3) 44... Ra2 {[%cal Ra2a1]} 45. Ke1 Rxa4 46. Ne5 Ra1+ 47. Kd2 Ra2+ {Precision: White = 29%, Black = 82%.} 0-1

[Event "21st Alekhine Master 2017"]
[Site "Voronezh"]
[Date "2017.06.15"]
[Round "4"]
[White "Karpenko, Artem"]
[Black "Shyam, Sundar M"]
[Result "0-1"]
[WhiteElo "2404"]
[BlackElo "2535"]
[Annotator "TA"]
[PlyCount "96"]
[EventDate "2017.??.??"]
[EventType "swiss"]
[EventCountry "RUS"]
[SourceTitle "playchess.com"]
[Source "ChessBase"]
[SourceQuality "1"]

{[%evp 16,96,23,35,38,40,50,17,32,28,47,52,36,20,85,39,47,49,62,31,66,50,79,70,125,74,120,0,0,0,21,7,0,7,0,0,25,-47,-18,-87,-85,-73,-83,-73,-55,-102,-99,-102,-115,-102,-117,-116,-104,-80,-99,-113,-87,-270,-264,-760,-760,-1141,-935,-912,-850,-724,-666,-1136,-1125,-1689,-1349,-29978,-1759,-11902,-6927,-29950,-6037,-6116,-5602,-2458,0,-2310,-1988]} 1. d4 Nf6 2. c4 g6 3. Nc3 Bg7 4. e4 d6 5. h3 O-O 6. Be3 e5 7. d5 Na6 8. Nf3 Nc5 9. Qc2 c6 {E90: King's Indian: Classical: Early deviations and 6 h3} (9... a5 10. Be2 Qe8 11. g4 Kh8 12. Nd2 Bd7 13. O-O-O c6 14. dxc6 Bxc6 15. Bxc5 dxc5 16. g5 Nd7 17. h4 f6 18. Rh2 fxg5 19. hxg5 {0-1 (59) Ondersteijn,N (2349)-Schmaltz,R (2519) Deizisau 2015}) 10. Nd2 $146 ({Predecessor:} 10. dxc6 bxc6 11. Bxc5 dxc5 12. Be2 Nh5 13. g3 Bf6 14. Rd1 Qc7 15. Qd2 Rd8 16. Qh6 Rb8 17. Rxd8+ Qxd8 {1-0 (53) Lange,H-Klein,P Meinberg 1986}) 10... Nh5 11. g3 (11. b4 $5 {[%cal Rb4c5]} Nd7 12. Rd1 $14) 11... f5 {The position is equal.} 12. O-O-O Nf6 13. Bxc5 dxc5 14. Bd3 {[%cal Re4f5]} Ne8 (14... cxd5 $11 {keeps the balance.} 15. cxd5 Kh8) 15. dxc6 bxc6 16. Nb3 Qe7 17. Na4 fxe4 18. Bxe4 Nd6 {Threatens to win with ...Bh6+.} 19. Nbxc5 Rb8 (19... Bf5 $14) 20. g4 (20. Bxc6 $142 Bh6+ 21. Kb1) 20... Rb4 21. Rxd6 ({White should play} 21. Bxc6 $16 {And now Kb1 would win.} Kh8 22. Bd5) 21... Qxd6 $11 22. Rd1 Qf6 23. a3 Rb8 24. f3 Bh6+ {[%cal Bg7h6,Bh6e3,Be3d4][%mdl 32]} 25. Kb1 Be3 26. Nd3 (26. Qh2 $11) 26... Bd4 $36 {[%mdl 2048] White is under pressure.} 27. Nb4 (27. Nac5 $11 {remains equal.}) 27... Bd7 $17 {[%cal Bc8d7,Bd7e8,Be8f7][%mdl 32]} 28. Na6 Rbd8 29. N6c5 Be8 30. Nb3 Bf7 31. Nxd4 Rxd4 32. Rxd4 exd4 33. Nc5 Qd6 34. Nd3 c5 35. Qa4 Rc8 36. b3 $2 (36. h4 $17) 36... Qb6 $19 37. Ne5 $2 {[#]} (37. Qb5) 37... Be8 $1 {[%cal Re8a4]} 38. Bd5+ Kg7 39. Nd7 Qd6 40. Qxa7 Qxd7 41. Qa6 Bf7 42. Be4 Rb8 {Hoping for ...d3.} 43. Kc2 {[#]} Qc7 (43... d3+ $142 $1 44. Kd2 (44. Bxd3 Rd8) 44... Qd4 45. Bb7 Qf2+ 46. Kxd3 Rd8+ 47. Bd5 Bxd5 48. cxd5 Rxd5+ 49. Kc4 Qd4+ 50. Kb5 Qd3+ 51. Ka5 c4+ 52. Kb6 Rd6+ 53. Kb7 Qxb3+ 54. Ka7 Rd7+ 55. Ka8 Rd8+ 56. Qc8 Rxc8+ 57. Ka7 Rb8 58. h4 Qb7#) 44. g5 Qh2+ 45. Kc1 Qg1+ (45... Qh1+ $142 46. Kd2 Qg2+ 47. Kd1 Qxg5 48. Qa5 Rxb3 49. Qd2 Re3 50. Bd5 Qg1+ 51. Kc2 Rxa3 52. Bxf7 Ra2+ 53. Kd3 Qb1+ 54. Ke2 Ra1 55. Qe1 Qxe1+ 56. Kd3 Qe3+ 57. Kc2 Qc3#) 46. Kc2 Qf2+ 47. Kd1 Qg1+ 48. Kc2 $1 Qxg5 {Precision: White = 39%, Black = 48%.} 0-1

[Event "21st Alekhine Master 2017"]
[Site "Voronezh"]
[Date "2017.06.15"]
[Round "4"]
[White "Gunchenko, Vadim"]
[Black "Maiorov, Nikita"]
[Result "0-1"]
[WhiteElo "2199"]
[BlackElo "2521"]
[Annotator "TA"]
[PlyCount "84"]
[EventDate "2017.??.??"]
[EventType "swiss"]
[EventCountry "RUS"]
[SourceTitle "playchess.com"]
[Source "ChessBase"]
[SourceQuality "1"]

{[%evp 15,84,0,33,0,0,0,0,9,61,0,0,0,-4,-18,0,-9,0,-27,-18,-16,-18,-31,-26,-32,-21,-43,-40,-55,-54,-55,-47,-41,-43,-35,-8,-8,-8,-8,-8,-10,8,8,4,8,8,-18,-8,-11,0,0,-8,-8,-8,-8,-8,-99,-25,-35,-48,-60,-16,-60,-57,-29990,-29991,-29996,-29997,-29997,-29998,-29998,-29999]} 1. d4 Nf6 2. c4 e6 3. Nf3 b6 4. g3 Ba6 5. Qc2 Bb4+ 6. Bd2 {E15: Queen's Indian: 4 g3 sidelines, 4 g3 Ba6 and 4 g3 Bb7 early deviations} Be7 7. Bg2 O-O (7... c6 8. O-O d5 9. b3 Nbd7 10. Bc3 dxc4 11. Bb2 cxb3 12. axb3 Bb7 13. Nbd2 Nd5 14. Ne5 Nb4 15. Qc1 O-O 16. Rd1 a5 17. Ndc4 Nf6 {½-½ (58) Adhiban,B (2666)-Zhigalko,S (2671) Doha 2016}) 8. Ne5 d5 {LiveBook: 3 Games} 9. Nc3 c6 10. cxd5 cxd5 11. O-O Nfd7 (11... Bb7 $11) 12. Nf3 ({Better is} 12. Nxd5 $14 exd5 13. Nxf7 Rxf7 14. Bxd5) 12... Bb7 $11 13. Bf4 $146 ({Predecessor:} 13. a3 Nc6 {½-½ (58) Fernandes,A (2415)-Hauchard,A (2528) San Sebastian 2009}) 13... Nc6 {[%cal Bb8c6,Bc6a5,Ba5c4][%mdl 32]} 14. Rac1 a6 15. Rfd1 b5 16. a3 Rc8 17. Qd3 Na5 18. e4 Nc4 19. Rc2 Ndb6 {aiming for ...Na4.} 20. Ne5 dxe4 21. Nxe4 f5 22. Nc5 Bxg2 23. Kxg2 {[%cal Re5c4]} g5 24. Nxc4 bxc4 (24... Qd5+ {with more complications.} 25. Qf3 Qxf3+ 26. Kxf3 Nxc4 27. Bc1 g4+) 25. Qf3 gxf4 26. Nxe6 Qd5 27. Nxf8 Kxf8 28. Qxd5 Nxd5 29. Rdc1 Rb8 30. Rxc4 Rxb2 {...Ne3+ is the strong threat.} 31. Ra4 Ne3+ 32. Kg1 $1 Ng4 33. Ra5 $132 {[%mdl 2048] White puts up resistance} Nxf2 34. Rxf5+ Kg7 35. gxf4 (35. Rc7 $11 Kg6 36. Ra5 fxg3 37. Rxa6+ Bf6 38. hxg3) 35... Bf6 ({Black should play} 35... Nh3+ $1 $17 36. Kf1 Bxa3 37. Rc7+ Kg6) 36. Rc7+ Kg6 37. Ra5 Ng4 38. Rxa6 Kf5 39. Rf7 $2 {[%mdl 8192] [#]} (39. Rxh7 $15 Bxd4+ 40. Kh1) 39... Ke4 $1 {Black mates.} 40. Rfxf6 {[#]} Kf3 $1 {[%cal Rb2b1]} 41. Rfb6 Rg2+ 42. Kf1 Ne3+ {Precision: White = 43%, Black = 56%.} 0-1